NFL Starting QBS Currently Week 13 - Statistics

General Stats
  • This quiz has been taken 39 times
  • The average score is 28 of 32
Answer Stats
Hint Answer % Correct
Dallas Cowboys Dak Prescott
100%
Philadelphia Eagles Jalen Hurts
100%
Chicago Bears Caleb Williams
97%
Detroit Lions Jared Goff
97%
New York Giants Jaxson Dart
97%
Pittsburgh Steelers Aaron Rodgers
94%
Tampa Bay Buccaneers Baker Mayfield
94%
Green Bay Packers Jordan Love
94%
Buffalo Bills Josh Allen
94%
Los Angeles Rams Matthew Stafford
94%
Carolina Panthers Bryce Young
91%
Indianapolis Colts Daniel Jones
91%
Atlanta Falcons Kirk Cousins
91%
Baltimore Ravens Lamar Jackson
91%
Kansas City Chiefs Patrick Mahomes
91%
Seattle Seahawks Sam Darnold
91%
Miami Dolphins Tua Tagovailoa
91%
San Francisco 49ers Brock Purdy
89%
New England Patriots Drake Maye
89%
Minnesota Vikings J.J. McCarthy
89%
Denver Broncos Bo Nix
86%
Houston Texans C.J. Stroud
86%
New York Jets Justin Fields
86%
Cleveland Browns Shadeur Sanders
86%
Jacksonville Jaguars Trevor Lawrence
86%
Las Vegas Raiders Geno Smith
83%
Cincinnati Bengals Joe Flacco
83%
Los Angeles Chargers Justin Herbert
83%
Washington Commanders Marcus Mariota
80%
Tennessee Titans Cameron Ward
74%
New Orleans Saints Spencer Rattler
71%
Arizona Cardinals Jacoby Brissett
69%
No matching quizzes found
Score Distribution
Percent of People with Each Score
Percentile by Number Answered
Your Score History
You have not taken this quiz